000 01595nam0a2200349 4500
001 RU\NLR\BIBL_A\022096800
005 20250625120601.0
010 _a978-5-4315-3549-9
_93000
035 _a(RuMoRGB)012341969
035 _a(NLR Aleph) 022096800
090 _a12733713
_c12733713
100 _a20231214d2023 |||y0rusy50 ca
101 1 _arus
_ceng
102 _aRU
105 _aa|||j|||000yy
181 0 _ai
_baxxe
182 0 _an
200 1 _aТема недели: запахи и вкусы
_eпланирование работы, работа в центрах активности, сценарии занятий
_eпособие
_eдля работы с детьми 3-5 лет
_eперевод с английского
_fпод редакцией Дебби Краер
203 _aТекст
_bвизуальный
_cнепосредственный
210 _aМосква
_cМозаика-Синтез
_cМозаика
_d2023
215 _a76, [2] с.
_cил., цв. ил., табл.
_d24
225 1 _aПрограмма, основанная на ECERS
225 1 _aОт рождения до школы
225 1 _aСоответствует ФГОС
606 1 _aДошкольники
_jРуководства, пособия и т.п
_xСенсорное воспитание
_92214515
_3RU\NLR\AUTH\661330138
675 _a373.2.025
_v4
686 1 _aЧ411.353я7
702 1 _4340
_7ca
_8rus
_aКраер
_bД.
_gДебби
_9251484
_3RU\NLR\AUTH\770251540
942 _cBOOK
980 _aNB